Quick Pick: Tasty Slogans Quiz Stats

 Plays Quiz Updated Mar 25, 2016

Challenge
Share
Tweet
Embed
Score 0/9 Timer 01:00
0 Plays Today
% Correct
Skittles
90.8%
Taco Bell
85.3%
Reese's Peanut Butter Cups
83.8%
Burger King
69.4%
Checkers
56.8%
Coca-Cola
54.5%
Arby’s
40.1%
Wendy's
32.9%
McDonald's
25.7%

Today's Daily Dose

Missing Word
TV HA - HZ

Word Ladder
Nordic Capital

On This Day
January 19th II

You're not logged in!

Compare scores with friends on all Sporcle quizzes.
OR
Log In

You Might Also Like...

Show Comments

Extras

Top Quizzes Today


Score Distribution

Your Account Isn't Verified!

In order to create a playlist on Sporcle, you need to verify the email address you used during registration. Go to your Sporcle Settings to finish the process.

Report this User

Report this user for behavior that violates our Community Guidelines.

Details: